Asian Geography By Letter - Q - Statistics

General Stats
  • This quiz has been taken 7,485 times
    2,567 since last reset
  • The average score is 6 of 13
Answer Stats
Hint Answer % Correct
Country that borders Saudi Arabia Qatar
100%
Central religious text of Islam Quran
95%
First public secondary school founded in Hong Kong by the British {Queen}'s College
73%
Most populous city in Metro Manila {Quezon} City
71%
Type of egg one might serve on Sushi Quail
60%
Three-letter city that is the considered as the religious capital of Iran Qom
50%
Chinese beer brewery city that was once controlled by Germany Qingdao
46%
Orchard city of Pakistan that was hit by an earthquake with a magnitude of 7.7 in 1935 Quetta
29%
Turkic ethnic group in Iran after whom a model of compact Nissan car model is named Qashqai
26%
Largest lake of China that gave its name to the province it is situated in Qinghai
15%
Province of central Saudi Arabia whose name is the same or similar to that of a famous Iranian general who was assassinated in 2020 by U.S. drones Qassim
11%
Direction towards which Muslims pray Qibla
11%
Largest island in Iran and the Persian Gulf Qeshm
9%
No matching quizzes found
Score Distribution
Percent of People with Each Score
Percentile by Number Answered
Your Score History
You have not taken this quiz since the last reset